KNV'S MANUAL OF CARDIORESPIRATORY (Record no. 216991)

MARC details
000 -LEADER
fixed length control field 00584nam a22001937a 4500
008 - FIXED-LENGTH DATA ELEMENTS--GENERAL INFORMATION
fixed length control field 260416b |||||||| |||| 00| 0 eng d
020 ## - INTERNATIONAL STANDARD BOOK NUMBER
International Standard Book Number 9789356961951
050 ## - LIBRARY OF CONGRESS CALL NUMBER
Classification number RC 684 .58 2024
Item number C.1
100 ## - MAIN ENTRY--PERSONAL NAME
Personal name VISWANATHAN K NEELAKANTAN
245 ## - TITLE STATEMENT
Title KNV'S MANUAL OF CARDIORESPIRATORY
250 ## - EDITION STATEMENT
Edition statement 1ST
260 ## - PUBLICATION, DISTRIBUTION, ETC.
Place of publication, distribution, etc. NEW DELHI
Name of publisher, distributor, etc. JAYPEE BROTHERS MEDICAL
Date of publication, distribution, etc. 2024
300 ## - PHYSICAL DESCRIPTION
Extent 350P
500 ## - GENERAL NOTE
General note INCLUDES INDEX
650 ## - SUBJECT ADDED ENTRY
Topical term or geographic name entry element CARDIOPULMONARY SYSTEM -DISEASES , CARDIOVASCULAR SYSTEM
700 ## - ADDED ENTRY--PERSONAL NAME
Personal name GOPALAN SOWMYA ,MURTHY JSN ,HARIHARAN RS
942 ## - ADDED ENTRY ELEMENTS (KOHA)
Source of classification or shelving scheme Library of Congress Classification
Koha item type Long Loan Book
Holdings
Withdrawn status Lost status Source of classification or shelving scheme Damaged status Not for loan Collection Home library Current library Shelving location Date acquired Inventory number Total checkouts Full call number Barcode Date last seen Copy number Price effective from Koha item type
    Library of Congress Classification     Medicine Kisii University Library Kisii University Library On Display 04/16/2026 112846   RC 684 .K58 2024 A000378 04/16/2026 C.1 04/16/2026 Long Loan Book
    Library of Congress Classification     Medicine Kisii University Library Kisii University Library On Display 04/16/2026 112847   RC 684 .K58 2024 A000379 04/16/2026 C.2 04/16/2026 Long Loan Book
    Library of Congress Classification     Medicine Kisii University Library Kisii University Library On Display 04/16/2026 112848   RC 684 .K58 2024 A000380 04/16/2026 C.3 04/16/2026 Long Loan Book
    Library of Congress Classification     Medicine Kisii University Library Kisii University Library On Display 04/16/2026 112849   RC 684 .K58 2024 A000381 04/16/2026 C.4 04/16/2026 Long Loan Book